000 00783nam a2200253Ia 4500
003 OSt
005 20220916110917.0
006 a|||||r|||| 00| 0
007 ta
008 220915b |||||||| |||| 00| 0 hin d
024 _a41849
037 _cTextbook
040 _bhin
_aARTS
_cARTS
041 _ahin
082 _aO15v2:E, 152K5 (TTPS)
100 _aअग्रवाल, हंसराज
245 0 _aप्राचीन संस्कृत साहित्य
246 _aPrāchīn sanskṛut sāhitya
260 _c1965
300 _a374पण्
_ccm.
650 _aहिन्दी साहित्य
942 _hO15v2:E, 152K5 (TTPS)
_cTB
_2CC
999 _c101105
_d101105